| 000 | 00847nam a2200277 i 4500 | ||
|---|---|---|---|
| 001 | 94186 | ||
| 003 | ES-MaACL | ||
| 005 | 20250815004923.0 | ||
| 007 | t| | ||
| 008 | 050630s2005 sp ||||1| spa d | ||
| 020 | _a84-233-3706-5 | ||
| 080 | _a94(100)"19" | ||
| 100 | 1 |
_aKurlansky, Mark. _969058 |
|
| 245 | 1 | 0 |
_a1968 _b: el año que conmocionó al mundo / _cMark Kurlansky ; traducción de Patricia Antón. |
| 250 | _a1ª ed. | ||
| 260 |
_aBarcelona : _bDestino, _c2005. |
||
| 300 |
_a556 p. : _bil. ; _c24 cm. |
||
| 490 | 1 |
_aImago mundi ; _v69 |
|
| 504 | _aBibliografía: p. 513-[521] | ||
| 650 | 1 | 4 |
_aHistoria contemporánea- _yS.XX _913396 |
| 700 | 1 |
_aAntón, Patricia. _921940 |
|
| 830 | 0 | 0 |
_aImago mundi (Barcelona) ; _v69 _9236939 |
| 852 |
_aES-MaACL _jL-29231 _bR.135797 |
||
| 942 | _2udc | ||
| 999 |
_c94186 _d94186 |
||